000 02246nam a22004097a 4500
003 AR-RoUNA
005 20260526120339.0
008 260526b |||||||| |||| 00| 0 spa d
040 _aAR-RoUNA
_bspa
_dAR-RoUNA
041 _aspa
_hspa
044 _aag
100 1 _aSinich, Elio Mario
_927752
245 1 0 _aEdificios de sanidad Maternidades /
_cElio Mario Sinich.
260 _aSanta Fe, Argentina :
_bUniversidad Nacional del Litoral,
_c1951
300 _a40 p.
_bfiguras
_c35x22 cm
500 _aPrograma de Teoría de la Arquitectura I -- Facultad de Arquitectura, Diseño y Urbanismo -- Universidad Nacional del Litoral
505 0 _tCONTENIDO
505 0 _tHospital Intercommunal de Créteil / Fig.1
505 0 _tHospital Center D'argenteuil / Fig.2
505 0 _tHospital D'Aubonne / Fig.3
505 0 _tHospital Luis Pasteur (Colmar, Francia) / Fig.4
505 0 _tHospital Center Memorial De Saint-Lo, (Francia) / Fig.9
505 0 _tHospital Materno Infantil Ramón Sardá, Buenos Aires, Argentina) / Fig.10
505 0 _tRino Levi / Maternidad de la Escuela de Medicina de la Universidad de Sao Paulo, Brasil / Fig.14
505 0 _tHospital Royal Jubilee (Victoria, Columbia Británica, Canadá) Fig.16 y 17
505 0 _tHospital Facilities Section (Sección de Instalaciones Hospitalarias) fue una división del Servicio de Salud Pública de EE. UU. (U.S.P.H.S.) / Fig.27
520 3 _aDocumento teórico perteneciente a la Cátedra de Teoría de la Arquitectura, centrado en los edificios de sanidad y maternidades. El texto analiza el crecimiento de los nacimientos en hospitales y la evolución delas maternidades modernas como respuesta al avance de la ciencia médica, la higiene y las políticas sanitarias. También reflexiona sobre las condiciones habitacionales precarias y su incidencia en la salud materno-infantil, considerando alas maternidades como espacios fundamentales de asistencia y protección social.
650 4 _aHospitales
650 4 _aSalud pública
650 4 _aMaternidad
650 4 _aInstalaciones
908 _aImp
930 _e12327
942 _2udc
_cLIB
945 _d2026-05-26
_aMIA
980 _61
_aMaricel Allasia
_81
_gMaricel Allasia
999 _c12429
_d12429